| 000 | 00410nam a2200109 4500 | ||
|---|---|---|---|
| 005 | 20260117163648.0 | ||
| 084 |
_2Colon Classification _aE142-18:4-880bF550aG:55 |
||
| 100 |
_aSIVARAJ ,R _98087 |
||
| 245 | _aDevelopment of transition metal- based nano composite catalyst materials for energy and environmental applications. | ||
| 260 |
_aAnchal, _bSt, John's College, University of Kerala, _c2025 |
||
| 942 |
_2CC _cTH |
||
| 999 |
_c755144 _d755144 |
||